000
00256nam a2200109Ia 4500
005
20251222143252.0
008
251222s9999||||xx |||||||||||||| ||spa||
082
_a
848.9/C68
100
_a
"Claudel, Paul"
245
0
_a
La anunciación a MarÃa
942
_c
LIB
999
_c
15006
_d
15006